| 000 | 00614nam a2200181Ia 4500 | ||
|---|---|---|---|
| 001 | 5004 | ||
| 005 | 20260306145836.0 | ||
| 008 | 260306t2008||||xx |||||||||||||| ||spa|| | ||
| 041 | _aESP | ||
| 082 |
_a332.6 _bM61 |
||
| 100 |
_aPerú. Ministerio de Economía y Finanzas. Dirección General de Programación Multianual del Sector Público _eAUT |
||
| 245 | 0 |
_aGuía de orientación Nº 2: _bidentificación, formulación y evaluación social de proyectos de inversión pública a nivel de perfil |
|
| 260 | _c2008 | ||
| 300 |
_a87 páginas : _cil. |
||
| 650 | _aGEN | ||
| 654 | _aCAN | ||
| 942 |
_cLIB _dJUS _fJUS _2ddc _n |
||
| 999 |
_c5004 _d5004 |
||